[Event "I Weekend A"]
[Site "Salerno ITA"]
[Date "2012.01.28"]
[Round "3"]
[White "Lazic, Miroljub"]
[Black "Pescatore, Lorenzo"]
[WhiteElo "2470"]
[BlackElo "2174"]
[Result "1-0"]
[PlyCount "115"]
[EventDate "2012.01.27"]

1. g3 d5 2. Nf3 Nf6 3. Bg2 c6 4. O-O Bg4 5. d3 Nbd7 6. Nbd2 e5 7. e4 dxe4 8.
dxe4 Bc5 9. h3 Bh5 10. Qe1 Qc7 11. Nb3 Bb6 12. a4 a5 13. Be3 O-O 14. Nfd2 Bxe3
15. Qxe3 Ne8 16. Nc4 Nd6 17. Nbxa5 Nxc4 18. Nxc4 b5 19. Nd2 bxa4 20. Nc4 f6 21.
Ra3 Bf7 22. Qc3 Nb6 23. Ne3 Rfd8 24. Raa1 Rd4 25. Rfe1 Be6 26. Red1 Rad8 27.
Qa5 Qb7 28. Bf1 Rxd1 29. Rxd1 Rxd1 30. Nxd1 Qd7 31. Ne3 Qb7 32. Qb4 Qc7 33. Nc4
Nxc4 34. Bxc4 Bxc4 35. Qxc4+ Kh8 36. Qxa4 h6 37. Qc4 Qd6 38. Kg2 Kh7 39. b4 Kh8
40. c3 Kh7 41. h4 h5 42. Qa6 Qd7 43. c4 g5 44. hxg5 h4 45. b5 cxb5 46. cxb5 Qd1
47. Qxf6 h3+ 48. Kh2 Qf1 49. Qf7+ Kh8 50. Qf3 Qxb5 51. Kxh3 Qf1+ 52. Kg4 Qb5
53. g6 Qd7+ 54. Kg5 Qd2+ 55. Kh5 Qd6 56. g4 Qe7 57. g5 Qf7 58. gxf7 1-0

[Event "I Weekend A"]
[Site "Salerno ITA"]
[Date "2012.01.28"]
[Round "3"]
[White "Lombardi, Luca"]
[Black "Occhipinti, Giuseppe"]
[WhiteElo "1620"]
[BlackElo "1971"]
[Result "0-1"]
[PlyCount "128"]
[EventDate "2012.01.27"]

1. e4 e5 2. f4 Bc5 3. Nf3 d6 4. c3 Nf6 5. d4 exd4 6. cxd4 Bb6 7. Nc3 O-O 8. Bd3
Nc6 9. Be3 Re8 10. Qd2 Bg4 11. Qf2 Bf5 12. O-O-O Bxe4 13. h3 Bxd3 14. Rxd3 Nb4
15. Rdd1 Nfd5 16. Nxd5 Nxd5 17. Bd2 Qf6 18. g3 Re4 19. Bc3 Rae8 20. Rhe1 h6 21.
Rxe4 Rxe4 22. Re1 Qe6 23. Rxe4 Qxe4 24. Kd2 Nf6 25. Qe3 Qd5 26. g4 Ne4+ 27. Kd3
Nc5+ 28. Ke2 Ne6 29. a3 f6 30. f5 Ng5 31. Nxg5 fxg5 32. Qe8+ Kh7 33. Qg6+ Kh8
34. Qe8+ Qg8 35. Qe4 d5 36. Qe5 Qf7 37. Kd3 c6 38. Bb4 Bc7 39. Bd6 Bd8 40. Qe3
Bf6 41. Bb4 Kg8 42. Kd2 Qd7 43. Kd3 Kf7 44. Bc5 a6 45. Bb4 Bd8 46. Bc3 Bc7 47.
Qe2 Qe8 48. Qf3 Qe7 49. Bb4 Qd7 50. Bc3 Qd6 51. Qe2 Qg3+ 52. Qe3 Qxe3+ 53. Kxe3
Bd8 54. Bb4 Be7 55. Ba5 Ke8 56. Bc7 Kd7 57. Be5 Bf6 58. b4 b6 59. Kd3 c5 60.
bxc5 bxc5 61. Bb8 Bxd4 62. Bg3 Kc6 63. h4 gxh4 64. Bxh4 Kb5 0-1

[Event "I Weekend A"]
[Site "Salerno ITA"]
[Date "2012.01.28"]
[Round "3"]
[White "Mazzarone, Maurizio"]
[Black "De Felice, Michele"]
[WhiteElo "1930"]
[BlackElo "1845"]
[Result "1-0"]
[PlyCount "139"]
[EventDate "2012.01.27"]

1. d4 d5 2. Nf3 Nf6 3. Bf4 Bf5 4. e3 e6 5. c3 Bd6 6. Ne5 O-O 7. Nd2 Nbd7 8.
Ndf3 Qe7 9. Bd3 Bxd3 10. Qxd3 c5 11. Nxd7 Qxd7 12. Ne5 Qe7 13. Qe2 cxd4 14.
exd4 h6 15. O-O Nd7 16. Rfe1 Nxe5 17. Bxe5 Bxe5 18. Qxe5 Rfe8 19. f4 Qd7 20.
Re3 Rac8 21. Rae1 Qc7 22. f5 Qxe5 23. Rxe5 Rc6 24. Rxd5 Rec8 25. fxe6 fxe6 26.
Rd7 Rb6 27. Re2 Rf8 28. d5 exd5 29. Ree7 Rg6 30. Rxb7 a5 31. Rbd7 Rb8 32. b3 a4
33. b4 Rc8 34. Rc7 Rd8 35. g3 d4 36. c4 d3 37. Rcd7 Rxd7 38. Rxd7 Rg4 39. Rxd3
Rxc4 40. a3 Rc1+ 41. Kg2 Ra1 42. h4 Kf7 43. Kf3 Ke6 44. Ke4 g5 45. hxg5 hxg5
46. Kd4 Rc1 47. Rc3 Rb1 48. Kc4 Kd7 49. Rf3 Ke6 50. Rd3 Ke5 51. Rd5+ Ke6 52.
Rxg5 Rb3 53. g4 Rxa3 54. Ra5 Ra1 55. b5 Rg1 56. Rxa4 Rxg4+ 57. Kb3 Rg3+ 58. Kb4
Rg4+ 59. Ka5 Rg8 60. Rd4 Ra8+ 61. Kb6 Rb8+ 62. Kc6 Rc8+ 63. Kb7 Rc1 64. b6 Ke5
65. Rd2 Ke6 66. Kb8 Rb1 67. b7 Rb3 68. Ra2 Kd7 69. Ka7 Kc7 70. b8=Q+ 1-0

[Event "I Weekend A"]
[Site "Salerno ITA"]
[Date "2012.01.28"]
[Round "3"]
[White "Messina, Enrico"]
[Black "Stromboli, Ettore"]
[WhiteElo "2139"]
[BlackElo "2302"]
[Result "1-0"]
[PlyCount "65"]
[EventDate "2012.01.27"]

1. e4 e6 2. Nf3 d5 3. e5 c5 4. b4 c4 5. c3 a5 6. b5 a4 7. d3 cxd3 8. Bxd3 Nd7
9. O-O Bc5 10. Qe2 Ne7 11. Bf4 Qc7 12. Bg3 h6 13. Nbd2 O-O 14. c4 Rd8 15. cxd5
Nxd5 16. Rac1 Qb6 17. Nc4 Qa7 18. Nd6 Nxe5 19. Nxe5 Bxd6 20. Qh5 Bxe5 21. Bxe5
f6 22. Qg6 fxe5 23. Qh7+ Kf7 24. Bg6+ Kf8 25. Bb1 Ne7 26. Rc3 Bd7 27. Rg3 Rac8
28. Rd1 Qc5 29. h4 Bxb5 30. Rf3+ Nf5 31. Bxf5 exf5 32. Qxf5+ Ke7 33. Qf7# 1-0

[Event "I Weekend A"]
[Site "Salerno ITA"]
[Date "2012.01.28"]
[Round "3"]
[White "Moscarino, Carlo"]
[Black "Rebeggiani, Andrea"]
[WhiteElo "1784"]
[BlackElo "1947"]
[Result "0-1"]
[PlyCount "118"]
[EventDate "2012.01.27"]

1. e4 e5 2. Nf3 Nc6 3. Bb5 a6 4. Ba4 Nf6 5. d3 d6 6. h3 Bd7 7. Bg5 h6 8. Be3
Ne7 9. Bb3 Ng6 10. Qd2 Be7 11. Nc3 Bc6 12. O-O-O d5 13. exd5 Nxd5 14. Nxd5 Bxd5
15. Bxd5 Qxd5 16. c4 Qc6 17. Qc3 Bf6 18. d4 e4 19. Ne5 Qe6 20. Nxg6 fxg6 21.
Qc2 O-O 22. d5 Qf5 23. Rhf1 Rae8 24. Rd2 g5 25. Rfd1 g4 26. hxg4 Qxg4 27. g3
Rd8 28. Bf4 Bg5 29. Bxg5 hxg5 30. Re1 Rde8 31. Rde2 Qf3 32. Qb3 Qxb3 33. axb3
Rf3 34. Rxe4 Rxe4 35. Rxe4 Rxf2 36. Rg4 Rf5 37. Kd2 Kf7 38. Ke3 Kf6 39. Re4 Rf1
40. g4 Rb1 41. Re6+ Kf7 42. Kd3 Rxb2 43. Kc3 Rg2 44. Re4 Rf2 45. c5 Rf4 46. Kd4
b6 47. cxb6 cxb6 48. Ke5 Rxe4+ 49. Kxe4 a5 50. Ke5 Ke7 51. d6+ Kd7 52. Kd5 b5
53. Kc5 a4 54. bxa4 bxa4 55. Kb4 Kxd6 56. Kxa4 Ke5 57. Kb3 Kf4 58. Kc3 Kxg4 59.
Kd3 Kf3 0-1

[Event "I Weekend A"]
[Site "Salerno ITA"]
[Date "2012.01.28"]
[Round "3"]
[White "Nadj Hedjesi, Balind"]
[Black "Martorelli, Antonio"]
[WhiteElo "2386"]
[BlackElo "2230"]
[Result "1-0"]
[PlyCount "73"]
[EventDate "2012.01.27"]

1. e4 c5 2. Nc3 e6 3. Nge2 Nc6 4. d4 d5 5. exd5 exd5 6. Be3 cxd4 7. Nxd4 Nf6 8.
Be2 Bb4 9. O-O O-O 10. Na4 Ne5 11. Nf3 Nc4 12. Bd4 b5 13. b3 Nd6 14. Nc3 a6 15.
Bxf6 gxf6 16. Nxd5 Bc5 17. a4 b4 18. c4 bxc3 19. b4 Ba7 20. Nxc3 Bb7 21. Qd2
Rc8 22. Rad1 Bb8 23. a5 Kh8 24. Qd4 Re8 25. Rfe1 Re6 26. Kf1 Qg8 27. Nd5 Ne4
28. Bd3 Bxd5 29. Bxe4 Bxe4 30. Rxe4 Qg7 31. Rxe6 fxe6 32. Qd8+ Qg8 33. Qxg8+
Rxg8 34. Rd7 Rc8 35. Nd4 Be5 36. Nxe6 h6 37. Rd8+ 1-0

[Event "I Weekend A"]
[Site "Salerno ITA"]
[Date "2012.01.28"]
[Round "3"]
[White "Paladino, Giovanni"]
[Black "Maddaloni, Giovanni"]
[WhiteElo "1820"]
[BlackElo "1770"]
[Result "1-0"]
[PlyCount "48"]
[EventDate "2012.01.27"]

1. e4 c5 2. Nf3 d6 3. d4 cxd4 4. Nxd4 Nf6 5. Nc3 g6 6. f3 a6 7. Be3 Bg7 8. Qd2
Nc6 9. O-O-O O-O 10. g4 Be6 11. h4 Nxd4 12. Bxd4 Qa5 13. g5 Nh5 14. Bxg7 Nxg7
15. Kb1 Rfe8 16. Bh3 Rac8 17. Nd5 Qxd2 18. Rxd2 Bxh3 19. Rxh3 Rc6 20. f4 Nh5
21. Rf3 Kg7 22. f5 Rc4 23. Re2 gxf5 24. exf5 Rxh4 1-0

[Event "I Weekend A"]
[Site "Salerno ITA"]
[Date "2012.01.28"]
[Round "3"]
[White "Panariello, Francesco"]
[Black "Paduano, Gennaro"]
[WhiteElo "1756"]
[BlackElo "1858"]
[Result "1-0"]
[PlyCount "87"]
[EventDate "2012.01.27"]

1. d4 d5 2. Nf3 Nf6 3. e3 e6 4. Bd3 Bd6 5. b3 O-O 6. Bb2 Nbd7 7. Nbd2 c6 8. O-O
Qc7 9. c4 c5 10. Re1 Qb8 11. Qe2 a6 12. Rf1 b5 13. Ba3 b4 14. Bb2 a5 15. cxd5
exd5 16. e4 dxe4 17. Nxe4 Nxe4 18. Qxe4 Nf6 19. Qh4 Bf4 20. dxc5 Bh6 21. Bxf6
Qf4 22. Qxf4 Bxf4 23. Be7 Re8 24. Rae1 Bd7 25. Bd6 Bxd6 26. cxd6 Red8 27. Ne5
Be6 28. Nc6 Rd7 29. Ne5 Rdd8 30. Bc4 Bxc4 31. Nxc4 a4 32. Nb6 axb3 33. Nxa8
bxa2 34. Re3 Rxa8 35. Ra1 g6 36. Rb3 Rd8 37. Rxb4 Rxd6 38. Ra4 h5 39. g3 Kg7
40. R1xa2 g5 41. h4 g4 42. Ra5 Rh6 43. Rg5+ Kf8 44. Raa5 1-0

[Event "I Weekend A"]
[Site "Salerno ITA"]
[Date "2012.01.28"]
[Round "3"]
[White "Puglisi, Vincenzo"]
[Black "Taurisano, Vincenzo"]
[WhiteElo "2034"]
[BlackElo "1888"]
[Result "1-0"]
[PlyCount "69"]
[EventDate "2012.01.27"]

1. Nf3 d5 2. b3 Nf6 3. Bb2 e6 4. e3 Be7 5. Ne5 O-O 6. d4 c5 7. Bd3 cxd4 8. exd4
Nc6 9. Nd2 Qc7 10. Nxc6 bxc6 11. O-O a5 12. Qe2 c5 13. Nf3 Bd7 14. Ne5 Rfb8 15.
dxc5 Qxc5 16. a4 Qc7 17. f4 Qb6+ 18. Kh1 d4 19. Nxd7 Nxd7 20. Qe4 Nf6 21. Qxd4
Bc5 22. Qe5 Rd8 23. Rad1 Rd5 24. Qe2 Rad8 25. Bxf6 gxf6 26. Qg4+ Kh8 27. Qh4 f5
28. Qf6+ Kg8 29. Rf3 Bd4 30. Qh6 Qc7 31. Rg3+ Kh8 32. Bxf5 Rxf5 33. Rg8+ Kxg8
34. Rd3 f6 35. Rg3+ 1-0

[Event "I Weekend A"]
[Site "Salerno ITA"]
[Date "2012.01.28"]
[Round "3"]
[White "Quattrone, Andrea"]
[Black "Gambardella, Piero"]
[WhiteElo "1790"]
[BlackElo "2002"]
[Result "0-1"]
[PlyCount "62"]
[EventDate "2012.01.27"]

1. d4 f5 2. Nf3 Nf6 3. e3 g6 4. Bd3 Bg7 5. O-O O-O 6. c4 d6 7. Nc3 c6 8. Qc2
Na6 9. a3 e5 10. dxe5 dxe5 11. Nxe5 Ne4 12. Nf3 Nxc3 13. bxc3 Qf6 14. Bb2 Be6
15. Rab1 Rfd8 16. Nd4 Bf7 17. Nb3 Qh4 18. g3 Qe7 19. Rfd1 Nc7 20. c5 Rd7 21.
Na5 Ne6 22. c4 Bxb2 23. Qxb2 Nxc5 24. Be2 Rad8 25. Rxd7 Rxd7 26. Rd1 Rxd1+ 27.
Bxd1 Qd8 28. Nxb7 Qxd1+ 29. Kg2 Nd3 30. Qf6 Ne1+ 31. Kh3 Qg4# 0-1

[Event "I Weekend A"]
[Site "Salerno ITA"]
[Date "2012.01.28"]
[Round "3"]
[White "Ricci, Alessio"]
[Black "Varvaglione, Antonio"]
[WhiteElo "1865"]
[BlackElo "2008"]
[Result "1-0"]
[PlyCount "61"]
[EventDate "2012.01.27"]

1. d4 Nf6 2. Nf3 c5 3. e3 e6 4. Bd3 d5 5. b3 Nbd7 6. Bb2 Bd6 7. O-O O-O 8. Ne5
Qc7 9. f4 Nb6 10. Nd2 Bd7 11. Qe2 Rac8 12. Rac1 cxd4 13. exd4 Ne8 14. Rf3 f5
15. Re1 Nf6 16. c4 dxc4 17. Ndxc4 Bb4 18. Rc1 Nbd5 19. a3 Bd6 20. a4 Be8 21.
Nxd6 Qxd6 22. Rxc8 Bh5 23. Rxf8+ Qxf8 24. Qd2 Ne4 25. Bxe4 fxe4 26. Rh3 Nxf4
27. Re3 Qf5 28. Qc2 h6 29. Qxe4 Qg5 30. h3 Bd1 31. Kh2 1-0

[Event "I Weekend A"]
[Site "Salerno ITA"]
[Date "2012.01.28"]
[Round "3"]
[White "Seletsky, Grigory"]
[Black "Collutiis, Duilio"]
[WhiteElo "2277"]
[BlackElo "2477"]
[Result "0-1"]
[PlyCount "110"]
[EventDate "2012.01.27"]

1. e4 c5 2. Nf3 e6 3. d3 Nc6 4. g3 g6 5. Bg2 Bg7 6. O-O Nge7 7. Nbd2 d6 8. Nc4
O-O 9. Ne3 h6 10. Nd2 e5 11. Nd5 Be6 12. Nc4 Rb8 13. a4 Kh7 14. c3 f5 15. f4
exf4 16. gxf4 Qd7 17. Bd2 Rbe8 18. Qc2 Nd8 19. Rae1 fxe4 20. dxe4 Nxd5 21. exd5
Bf5 22. Qb3 Bh3 23. Ne3 Bxg2 24. Nxg2 Qh3 25. Qc2 Nf7 26. Rxe8 Rxe8 27. Re1
Rxe1+ 28. Nxe1 h5 29. Qe4 Qg4+ 30. Kf1 Ne5 31. Qg2 Qxg2+ 32. Nxg2 Nc4 33. Bc1
Nb6 34. Ne3 Nxa4 35. Nc4 Bf8 36. Ne5 b5 37. Nc6 a6 38. Nb8 Nb6 39. Nxa6 Nxd5
40. Ke2 Kg7 41. Kf3 Kf6 42. Ke4 Ke6 43. Bd2 Nf6+ 44. Kd3 Kd7 45. Be1 Bh6 46.
Bh4 Nd5 47. Ke4 Nxf4 48. Bg3 Ne2 49. Kd5 Bf4 50. Nb8+ Kc7 51. Nc6 Bxg3 52. hxg3
Nxg3 53. b4 Ne2 54. bxc5 Nxc3+ 55. Ke6 Kxc6 0-1

[Event "I Weekend A"]
[Site "Salerno ITA"]
[Date "2012.01.28"]
[Round "3"]
[White "Skrijely, Edin"]
[Black "Lamagna, Mario"]
[WhiteElo "1737"]
[BlackElo "1987"]
[Result "1-0"]
[PlyCount "97"]
[EventDate "2012.01.27"]

1. e4 e6 2. f4 d5 3. e5 c5 4. Nf3 Nc6 5. Bb5 Bd7 6. d4 cxd4 7. Bxc6 bxc6 8.
Nxd4 c5 9. Ne2 Nh6 10. O-O Qb6 11. Kh1 Bc6 12. Ng3 O-O-O 13. a4 a5 14. Qe2 Be7
15. Nc3 g6 16. b3 Nf5 17. Nb5 h5 18. Nd6+ Nxd6 19. exd6 Bxd6 20. Qf2 d4 21. h3
Bb7 22. Bd2 Bc7 23. Rac1 Qc6 24. Rg1 Qd6 25. Rge1 g5 26. Ne4 Bxe4 27. Rxe4 f5
28. Re5 Qc6 29. Re2 gxf4 30. Bxf4 Bxf4 31. Qxf4 Qd6 32. Qd2 Qa6 33. Re5 Qb6 34.
Rce1 Rde8 35. c3 Rh7 36. cxd4 cxd4 37. Rxa5 Rb7 38. Rxf5 Qb4 39. Qd1 Kd7 40.
Rxh5 Qc3 41. Rh4 Rb4 42. Rf1 e5 43. Rh7+ Kd6 44. Rh6+ Kd5 45. Qg4 Qc8 46. Qf3+
e4 47. Rh5+ Re5 48. Rxe5+ Kxe5 49. Qf6+ 1-0

[Event "I Weekend A"]
[Site "Salerno ITA"]
[Date "2012.01.28"]
[Round "3"]
[White "Vena, Alessio"]
[Black "Ficco, Corrado"]
[WhiteElo "1898"]
[BlackElo "2071"]
[Result "0-1"]
[PlyCount "76"]
[EventDate "2012.01.27"]

1. e4 c5 2. Nf3 e6 3. d3 d5 4. Nbd2 Nc6 5. g3 Nf6 6. Bg2 Be7 7. O-O O-O 8. Re1
Rb8 9. e5 Nd7 10. Nf1 f6 11. exf6 Bxf6 12. Ne3 d4 13. Ng4 e5 14. Qe2 Qe7 15.
Nxf6+ gxf6 16. Nh4 Nb6 17. Bh6 Re8 18. Be4 Qf7 19. Nf5 Bxf5 20. Bxf5 Kh8 21.
Qg4 Nd5 22. Re4 Nde7 23. Be6 Qg6 24. Qxg6 Nxg6 25. Bh3 Kg8 26. Rae1 Kf7 27. f4
Nh8 28. fxe5 Nxe5 29. Kg2 Nhg6 30. Bf5 Re7 31. h4 Rbe8 32. h5 Nf8 33. g4 Kg8
34. Kh3 Ne6 35. Bxe6+ Rxe6 36. g5 fxg5 37. Bxg5 Nf3 38. h6 Nxg5+ 0-1

[Event "I Weekend A"]
[Site "Salerno ITA"]
[Date "2012.01.28"]
[Round "3"]
[White "Zinnai, Graziano Matteo"]
[Black "Consalvo, Gerardo"]
[WhiteElo "1959"]
[BlackElo "2029"]
[Result "1/2-1/2"]
[PlyCount "114"]
[EventDate "2012.01.27"]

1. e4 c5 2. Nf3 Nc6 3. d3 g6 4. g3 Bg7 5. c3 e5 6. Bg2 Nge7 7. Be3 O-O 8. Bxc5
b6 9. Be3 Ba6 10. O-O d5 11. Re1 d4 12. cxd4 exd4 13. Bf4 Nb4 14. Bf1 Rc8 15.
Na3 Nec6 16. Qb3 Qd7 17. Rac1 Qe7 18. Bd2 Rfe8 19. Nc2 Nxc2 20. Rxc2 Nb8 21.
Rec1 Bb7 22. Bh3 Rxc2 23. Rxc2 Na6 24. Bg5 Qd6 25. Qa4 Kf8 26. Bd7 Ra8 27. Bf4
Qe7 28. Bc6 Nc5 29. Qb5 Ba6 30. Qb4 Bxd3 31. Bxa8 Bxc2 32. Nxd4 Bxe4 33. Nb5 a5
34. Qe1 Qe6 35. Bd6+ Kg8 36. Bxc5 Bxa8 37. Qxe6 fxe6 38. Bxb6 Bxb2 39. Bxa5 Bd5
40. Bc3 Bc1 41. a4 Bc6 42. Kf1 Bg5 43. Ke2 Kf7 44. Kd3 Be7 45. Be5 h5 46. Kc4
Bd5+ 47. Kd4 Bc6 48. Nc3 Bb4 49. Nb5 Be7 50. Kc3 Bc5 51. Bd4 Be7 52. Kb2 Ke8
53. Nc3 Bb4 54. Kb3 Bxc3 55. Bxc3 Kd7 56. Be5 Ba8 57. Kb4 Kc6 1/2-1/2

[Event "I Weekend A"]
[Site "Salerno ITA"]
[Date "2012.01.28"]
[Round "4"]
[White "Bianco, Raffaele"]
[Black "Skrijely, Edin"]
[WhiteElo "2068"]
[BlackElo "1737"]
[Result "1-0"]
[PlyCount "59"]
[EventDate "2012.01.27"]

1. e4 c5 2. Nf3 Nc6 3. d3 d6 4. g3 Nf6 5. Bg2 Bg4 6. h3 Bxf3 7. Bxf3 Ne5 8. Bg2
e6 9. O-O Be7 10. c3 Qc7 11. d4 cxd4 12. cxd4 Nc6 13. Nc3 O-O 14. Be3 a6 15.
Rc1 Qd7 16. Na4 Bd8 17. a3 Re8 18. b4 h6 19. Nb2 d5 20. e5 Ne4 21. Kh2 f5 22.
h4 Nd6 23. exd6 Qxd6 24. Nd3 g5 25. Qh5 Re7 26. Qg6+ Rg7 27. Qe8+ Kh7 28. hxg5
hxg5 29. Rh1 Rg8 30. Qf7+ 1-0

[Event "I Weekend A"]
[Site "Salerno ITA"]
[Date "2012.01.28"]
[Round "4"]
[White "Buiano, Fabio"]
[Black "Lazic, Miroljub"]
[WhiteElo "2033"]
[BlackElo "2470"]
[Result "0-1"]
[PlyCount "44"]
[EventDate "2012.01.27"]

1. e4 d6 2. f4 g6 3. Nf3 Bg7 4. Nc3 c5 5. Bb5+ Bd7 6. Bc4 e6 7. O-O Ne7 8. d3
Nbc6 9. Qe1 Na5 10. Bb5 O-O 11. Bxd7 Qxd7 12. f5 exf5 13. Qh4 f6 14. Qh3 Rad8
15. Bh6 fxe4 16. Qxd7 Rxd7 17. Bxg7 Kxg7 18. Nxe4 Nac6 19. Rac1 b6 20. Rf2 d5
21. Ned2 Nf5 22. c3 d4 0-1

[Event "I Weekend A"]
[Site "Salerno ITA"]
[Date "2012.01.28"]
[Round "4"]
[White "Cardone, Andrea"]
[Black "D'Orta, Antonio"]
[WhiteElo "1875"]
[BlackElo "1920"]
[Result "1-0"]
[PlyCount "64"]
[EventDate "2012.01.27"]

1. Nf3 c6 2. d4 d5 3. e3 Nf6 4. Be2 Bg4 5. Ne5 Bxe2 6. Qxe2 e6 7. O-O Bd6 8.
Nd2 Nbd7 9. Ndf3 Qe7 10. c4 h5 11. c5 Bc7 12. b4 Ng4 13. Nxd7 Kxd7 14. h3 Rag8
15. e4 dxe4 16. Qxe4 Nf6 17. Ne5+ Kc8 18. Qf3 Bxe5 19. dxe5 Nd5 20. Rb1 g5 21.
Qg3 Rg6 22. b5 h4 23. Qa3 cxb5 24. Qxa7 Rhg8 25. f3 b4 26. Bd2 Qc7 27. Bxb4
Qxe5 28. c6 bxc6 29. Bc5 Qc7 30. Qa6+ Kd8 31. Rb7 Qc8 32. Rfb1 f5 1-0

[Event "I Weekend A"]
[Site "Salerno ITA"]
[Date "2012.01.28"]
[Round "4"]
[White "Chiusano, Raimondo"]
[Black "Zinnai, Graziano Matteo"]
[WhiteElo "2124"]
[BlackElo "1959"]
[Result "1-0"]
[PlyCount "37"]
[EventDate "2012.01.27"]

1. d4 d5 2. c4 c6 3. Nf3 Nf6 4. e3 e6 5. b3 Nbd7 6. Bb2 Bd6 7. Bd3 O-O 8. Ne5
c5 9. Nd2 b6 10. O-O Bb7 11. f4 Ne4 12. Nxe4 dxe4 13. Bc2 cxd4 14. Nxd7 Qxd7
15. Qxd4 f6 16. Rad1 Rfd8 17. Ba3 Qc6 18. Bxd6 e5 19. fxe5 1-0

[Event "I Weekend A"]
[Site "Salerno ITA"]
[Date "2012.01.28"]
[Round "4"]
[White "Collutiis, Duilio"]
[Black "Nadj Hedjesi, Balind"]
[WhiteElo "2477"]
[BlackElo "2386"]
[Result "1-0"]
[PlyCount "61"]
[EventDate "2012.01.27"]

1. g3 Nf6 2. Bg2 e6 3. Nf3 b6 4. O-O Bb7 5. c4 c5 6. b3 d5 7. cxd5 exd5 8. d4
Be7 9. Bb2 O-O 10. Nc3 Nbd7 11. Rc1 Rc8 12. Rc2 a6 13. dxc5 bxc5 14. Nh4 Nb6
15. Nf5 Re8 16. Nxe7+ Qxe7 17. e3 Red8 18. Ne2 a5 19. Qd2 a4 20. Qa5 Nfd7 21.
Rfc1 Ra8 22. Qc3 f6 23. Ba3 axb3 24. Qxb3 Ra5 25. Bxc5 Rxc5 26. Rxc5 Nxc5 27.
Qxb6 Rc8 28. Nf4 g5 29. Bxd5+ Kg7 30. Bxb7 Na4 31. Rc7 1-0

[Event "I Weekend A"]
[Site "Salerno ITA"]
[Date "2012.01.28"]
[Round "4"]
[White "Consalvo, Gerardo"]
[Black "Seletsky, Grigory"]
[WhiteElo "2029"]
[BlackElo "2277"]
[Result "0-1"]
[PlyCount "84"]
[EventDate "2012.01.27"]

1. e4 g6 2. d4 Bg7 3. Nc3 c6 4. Be3 d5 5. f3 e6 6. Qd2 h6 7. O-O-O Ne7 8. Nge2
b6 9. g4 Ba6 10. Ng3 Qc8 11. h4 Nd7 12. Kb1 Bxf1 13. Rhxf1 Qc7 14. f4 O-O-O 15.
e5 f5 16. Qe2 h5 17. g5 Kb7 18. Qd2 Bf8 19. Rc1 Nc8 20. Nce2 b5 21. c3 Ncb6 22.
b3 Be7 23. Kc2 a5 24. Kd1 a4 25. Ke1 axb3 26. axb3 Ra8 27. Kf2 Ra3 28. Ra1 Rxb3
29. Qc2 Ra3 30. Rxa3 Bxa3 31. Qb3 Ra8 32. Ra1 Nc4 33. Bc1 Bf8 34. Rxa8 Kxa8 35.
Bb2 Qa7 36. Nc1 Ndb6 37. Nd3 Nd2 38. Qc2 Ne4+ 39. Nxe4 dxe4 40. Nc1 Qa4 41. Nb3
Nc4 42. Bc1 Na5 0-1

[Event "I Weekend A"]
[Site "Salerno ITA"]
[Date "2012.01.28"]
[Round "4"]
[White "D'Errico, Francesco"]
[Black "Lombardi, Luca"]
[WhiteElo "1766"]
[BlackElo "1620"]
[Result "0-1"]
[PlyCount "86"]
[EventDate "2012.01.27"]

1. d4 d5 2. Bf4 c6 3. c3 Bf5 4. e3 Nf6 5. h3 e6 6. c4 Bd6 7. Bxd6 Qxd6 8. Qb3
Qc7 9. Nc3 O-O 10. Nf3 Nbd7 11. Be2 Nb6 12. c5 Nbd7 13. O-O h6 14. Qd1 Rae8 15.
b4 e5 16. a4 e4 17. Nd2 Nh7 18. b5 Ndf6 19. a5 Qd7 20. Re1 g5 21. Bf1 Kh8 22.
bxc6 bxc6 23. g4 Bg6 24. f4 exf3 25. Nxf3 Qe6 26. Ne5 Nd7 27. Nxg6+ Qxg6 28.
Qd2 f5 29. Bd3 Qe6 30. Bxf5 Rxf5 31. gxf5 Qxf5 32. Kh2 g4 33. Rf1 Qh5 34. Kg1
Qxh3 35. Nd1 Ng5 36. Qg2 Qh4 37. Qh1 Qg3+ 38. Qg2 Nh3+ 39. Kh1 Qh4 40. Rf5 Nf6
41. Rxf6 Qxf6 42. Qxg4 Qf1+ 43. Kh2 Rg8 0-1

[Event "I Weekend A"]
[Site "Salerno ITA"]
[Date "2012.01.28"]
[Round "4"]
[White "Ficco, Corrado"]
[Black "Ricci, Alessio"]
[WhiteElo "2071"]
[BlackElo "1865"]
[Result "1-0"]
[PlyCount "77"]
[EventDate "2012.01.27"]

1. c4 Nf6 2. g3 e6 3. Bg2 d5 4. b3 Nbd7 5. Bb2 Bd6 6. Nf3 O-O 7. O-O c6 8. d4
Ne4 9. Nbd2 Ndf6 10. Qc2 Nxd2 11. Nxd2 Qe7 12. e4 dxe4 13. Nxe4 Nxe4 14. Qxe4
Qg5 15. f4 Qg6 16. a4 Qxe4 17. Bxe4 Rd8 18. Rfd1 Rb8 19. Kf2 Bd7 20. Ke3 Be7
21. Ba3 Bxa3 22. Rxa3 a5 23. c5 Be8 24. Rc1 Kf8 25. Rc4 Ke7 26. b4 axb4 27.
Rxb4 f5 28. Bf3 Kd7 29. Rb6 Kc7 30. Rab3 Bd7 31. a5 g6 32. Kd3 h5 33. Kc3 Be8
34. Be2 e5 35. fxe5 Bf7 36. Bc4 Bxc4 37. Kxc4 h4 38. e6 Re8 39. a6 1-0

[Event "I Weekend A"]
[Site "Salerno ITA"]
[Date "2012.01.28"]
[Round "4"]
[White "Gambardella, Piero"]
[Black "Esposito, Luca"]
[WhiteElo "2002"]
[BlackElo "2224"]
[Result "0-1"]
[PlyCount "60"]
[EventDate "2012.01.27"]

1. d4 Nf6 2. c4 e6 3. Nf3 c5 4. d5 exd5 5. cxd5 d6 6. Nc3 g6 7. g3 Bg7 8. Bg2
O-O 9. O-O a6 10. a4 Nbd7 11. e4 Re8 12. Nd2 Rb8 13. Nc4 Nb6 14. Ne3 Bd7 15.
Qc2 Nc8 16. a5 Na7 17. Re1 Nb5 18. Nxb5 axb5 19. Bd2 b4 20. Nc4 Bb5 21. Nxd6
Qxd6 22. Bf4 Qf8 23. Bxb8 Rxb8 24. e5 Ng4 25. f4 c4 26. Be4 Qc5+ 27. Kh1 Rd8
28. e6 fxe6 29. Bxg6 hxg6 30. Qxg6 Qxd5+ 0-1

[Event "I Weekend A"]
[Site "Salerno ITA"]
[Date "2012.01.28"]
[Round "4"]
[White "Laketic, Gojko"]
[Black "Messina, Enrico"]
[WhiteElo "2430"]
[BlackElo "2139"]
[Result "1-0"]
[PlyCount "101"]
[EventDate "2012.01.27"]

1. d4 c5 2. d5 e5 3. e4 d6 4. Bb5+ Nd7 5. a4 Ngf6 6. Nc3 Be7 7. Nf3 O-O 8. O-O
Ne8 9. Re1 g6 10. Bh6 Ng7 11. a5 a6 12. Be2 Kh8 13. Nd2 Bg5 14. Bxg7+ Kxg7 15.
Nc4 Qc7 16. Na4 f5 17. Bf3 Nf6 18. Nab6 Rb8 19. Nxc8 Rbxc8 20. Ra3 Kh8 21. Rb3
Rcd8 22. Qd3 Ng4 23. Bxg4 fxg4 24. Qe2 h5 25. f3 gxf3 26. Rxf3 Rf4 27. g3 Rxf3
28. Qxf3 Kg7 29. Rf1 Qe7 30. h4 Bh6 31. Kg2 Rd7 32. Rf2 Rd8 33. Qe2 Rd7 34. Qf1
Rd8 35. Qh1 Qd7 36. Qh3 Qxh3+ 37. Kxh3 Rd7 38. Rf3 Bc1 39. Kg2 Bh6 40. Kf2 Bc1
41. Ke2 Bh6 42. Kd1 g5 43. Rf5 gxh4 44. gxh4 Kg6 45. Rxe5 Rf7 46. Nxd6 Rf1+ 47.
Ke2 Rc1 48. Re6+ Kh7 49. Kd3 Rd1+ 50. Kc3 Bg7+ 51. Kb3 1-0

[Event "I Weekend A"]
[Site "Salerno ITA"]
[Date "2012.01.28"]
[Round "4"]
[White "Lamagna, Mario"]
[Black "Crafa, Carmine"]
[WhiteElo "1987"]
[BlackElo "1777"]
[Result "1/2-1/2"]
[PlyCount "69"]
[EventDate "2012.01.27"]

1. e4 e5 2. Nf3 Nc6 3. Bb5 a6 4. Ba4 Nf6 5. O-O Nxe4 6. d4 b5 7. Bb3 d5 8. dxe5
Be6 9. Nbd2 Nc5 10. c3 Bg4 11. h3 Bh5 12. Bc2 Ne6 13. Re1 Be7 14. Nf1 Bg6 15.
Ng3 Bxc2 16. Qxc2 O-O 17. Nf5 Bg5 18. N5d4 Ncxd4 19. cxd4 Bxc1 20. Raxc1 Qe7
21. Qd2 Rfd8 22. Rc6 a5 23. a3 b4 24. Qd3 bxa3 25. bxa3 Rdb8 26. Rec1 a4 27.
R1c3 Rb3 28. Nd2 Rxc3 29. Qxc3 Qh4 30. Nf3 Qe4 31. Qd2 Qb1+ 32. Rc1 Qb3 33. Rc3
Qb1+ 34. Rc1 Qb3 35. Rc3 1/2-1/2

[Event "I Weekend A"]
[Site "Salerno ITA"]
[Date "2012.01.28"]
[Round "4"]
[White "Lamberti, Valerio"]
[Black "Colucci, Stefano"]
[WhiteElo "1750"]
[BlackElo "1895"]
[Result "1/2-1/2"]
[PlyCount "107"]
[EventDate "2012.01.27"]

1. e4 c5 2. Nf3 d6 3. d4 cxd4 4. Nxd4 Nf6 5. Nc3 a6 6. Be2 e6 7. O-O Be7 8. Be3
Qc7 9. f4 Nc6 10. Bf3 Bd7 11. Kh1 Nxd4 12. Bxd4 Bc6 13. e5 dxe5 14. Bxe5 Qb6
15. Bxc6+ Qxc6 16. Qe2 O-O 17. Rad1 Rfd8 18. Rxd8+ Rxd8 19. Rd1 Qb6 20. Rxd8+
Qxd8 21. h3 g6 22. Ne4 Nh5 23. g4 Ng7 24. Qd2 Qxd2 25. Nxd2 h5 26. Ne4 Ne8 27.
Kg2 f6 28. Bd4 Kf7 29. Bc5 hxg4 30. hxg4 f5 31. Bxe7 Kxe7 32. gxf5 gxf5 33. Nc5
Nd6 34. b3 a5 35. c4 b6 36. Na4 b5 37. cxb5 Nxb5 38. Nc5 Nd4 39. Kf2 Nc6 40.
Ke3 Kd6 41. Nd3 Kd5 42. Nb2 Kc5 43. Nd3+ Kd5 44. Nb2 Nb4 45. Nc4 Nxa2 46. Nxa5
Kc5 47. Nb7+ Kd5 48. Nd8 Nb4 49. Nb7 e5 50. fxe5 Kxe5 51. Nc5 Nd5+ 52. Kf3 Kd4
53. Ne6+ Kc3 54. Ng7 1/2-1/2